[Event "1st FIDE OWCCCC Pools-East 2021"]
[Site "Online"]
[Date "2021.02.19"]
[Round "3.28"]
[White "Arun_"]
[Black "Dutertre, Charles"]
[Result "1-0"]
[WhiteElo "1725"]
[BlackElo "1297"]
[Annotator "NA RC"]
[PlyCount "113"]
[EventDate "2021.02.19"]
[EventType "team-tourn"]
[EventCountry "NET"]
[SourceTitle "playchess.com"]
[Source "ChessBase"]
[SourceQuality "1"]

1. e4 e5 2. Nc3 Nf6 3. g3 Bb4 4. Nge2 c6 5. Bg2 d5 6. a3 Ba5 7. b4 Bb6 8. h3 Be6 9. d3 dxe4 10. Nxe4 Nxe4 11. Bxe4 O-O 12. Bg2 f5 13. O-O Qd6 14. Be3 f4 15. Bxb6 axb6 16. Nc3 fxg3 17. Ne4 gxf2+ 18. Rxf2 Qd4 19. c3 Qe3 20. Qe2 Qxe2 21. Rxe2 Nd7 22. Nd6 Rab8 23. d4 Bd5 24. dxe5 Rfd8 25. Bxd5+ cxd5 26. e6 Ne5 27. Nf5 Nf3+ 28. Kg2 Ng5 29. e7 Re8 30. Nd6 Rxe7 31. Rxe7 Rf8 32. Rf1 Rd8 33. Rxb7 h6 34. Nf7 Nxf7 35. Rfxf7 Re8 36. Rxg7+ Kh8 37. Rh7+ Kg8 38. Rxh6 Re2+ 39. Kf3 Re8 40. Rbxb6 Rf8+ 41. Rhf6 Re8 42. a4 Re4 43. a5 Rh4 44. Kg3 Rc4 45. Rfc6 Re4 46. Rb7 Re8 47. a6 d4 48. cxd4 Re3+ 49. Kf4 Re8 50. a7 Rf8+ 51. Ke5 Re8+ 52. Kd5 Rd8+ 53. Kc5 Ra8 54. Rb8+ Rxb8 55. axb8=Q+ Kf7 56. Qb7+ Ke8 57. Rc8# 1-0

[Event "1st FIDE OWCCCC Pools-East 2021"]
[Site "Online"]
[Date "2021.02.19"]
[Round "3.28"]
[White "Saket K Rao"]
[Black "Palaniappan, Saraswathi"]
[Result "0-1"]
[WhiteElo "1166"]
[BlackElo "1610"]
[Annotator "NA RC"]
[PlyCount "148"]
[EventDate "2021.02.19"]
[EventType "team-tourn"]
[EventCountry "NET"]
[SourceTitle "playchess.com"]
[Source "ChessBase"]
[SourceQuality "1"]

1. e4 e5 2. Nf3 Nc6 3. Nc3 Nf6 4. Bc4 h6 5. d3 Bc5 6. Be3 Bb6 7. h3 d6 8. Bxb6 cxb6 9. O-O O-O 10. Nh2 Kh8 11. f4 exf4 12. Rxf4 Ne5 13. Bb3 Be6 14. Rf1 b5 15. Nf3 Nxf3+ 16. Qxf3 Qb6+ 17. Kh1 b4 18. Ne2 Bxb3 19. axb3 Rac8 20. Rac1 Rc7 21. Nf4 Rfc8 22. Rf2 Qd4 23. Nd5 Nxd5 24. exd5 Qxb2 25. Rcf1 Qe5 26. Re2 Qg5 27. Rff2 Kg8 28. Kh2 f6 29. Qe4 Qe5+ 30. Qxe5 dxe5 31. Kg3 Rd7 32. Kf3 Rxd5 33. Ke4 Rcd8 34. g4 Kf7 35. h4 g6 36. g5 f5+ 37. Ke3 h5 38. Kf3 Ke6 39. Kg2 R8d6 40. Kf1 Rc6 41. Ke1 b5 42. Rd2 Rcd6 43. Rfe2 a5 44. Kd1 a4 45. bxa4 bxa4 46. Kc1 Rd4 47. Kb2 Rb6 48. Re3 Rb5 49. Rde2 Rxh4 50. Rd2 Rg4 51. d4 e4 52. c3 bxc3+ 53. Kxc3 Rb3+ 54. Kc4 Rxe3 55. d5+ Kd6 56. Kb4 a3 57. Ra2 Rgg3 58. Kc4 Rc3+ 59. Kb4 Rgd3 60. Ka4 Rb3 61. Ka5 Rdc3 62. Ka4 Kxd5 63. Rd2+ Ke5 64. Rd8 Rb2 65. Re8+ Kf4 66. Re6 Rb1 67. Rxg6 Rc7 68. Ra6 e3 69. g6 e2 70. g7 Rxg7 71. Kxa3 e1=Q 72. Ra4+ Kg5 73. Rg4+ Kxg4 74. Ka4 Ra7# 0-1

[Event "1st FIDE OWCCCC Pools-East 2021"]
[Site "Online"]
[Date "2021.02.19"]
[Round "3.29"]
[White "Harikrishnan.A.Ra"]
[Black "Khrapko, Marharyta"]
[Result "1-0"]
[WhiteElo "2429"]
[BlackElo "2049"]
[Annotator "TA"]
[PlyCount "63"]
[EventDate "2021.02.19"]
[EventType "team-tourn"]
[EventCountry "NET"]
[SourceTitle "playchess.com"]
[Source "ChessBase"]
[SourceQuality "1"]

1. e4 c5 2. Nf3 e6 3. d3 Nc6 4. Nbd2 d5 5. g3 Nf6 6. Bg2 Be7 7. O-O b6 8. Re1 Bb7 9. e5 Nd7 10. Nf1 Qc7 11. Bf4 h6 12. h4 g5 13. hxg5 hxg5 14. Nxg5 Ndxe5 15. c3 Bd6 16. d4 Nc4 17. Bxd6 Nxd6 18. dxc5 bxc5 19. Qxd5 O-O-O 20. Qxc5 Rh5 21. Bf3 Rh6 22. Rad1 e5 23. Ne3 Rdh8 24. Nd5 Qd7 25. Nb4 e4 26. Nxe4 Nxe4 27. Bxe4 Qe6 28. Nxc6 Qxe4 29. Rxe4 Rh1+ 30. Kg2 Rxd1 31. Na5+ Kb8 32. Qe5+ 1-0

[Event "1st FIDE OWCCCC Pools-East 2021"]
[Site "Online"]
[Date "2021.02.19"]
[Round "3.29"]
[White "Khatoev, Eduard"]
[Black "Drost, Peter"]
[Result "1-0"]
[WhiteElo "2409"]
[BlackElo "2158"]
[Annotator "TA"]
[PlyCount "91"]
[EventDate "2021.02.19"]
[EventType "team-tourn"]
[EventCountry "NET"]
[SourceTitle "playchess.com"]
[Source "ChessBase"]
[SourceQuality "1"]

1. Nf3 Nf6 2. c4 g6 3. Nc3 Bg7 4. e4 d6 5. d4 O-O 6. Be2 e5 7. O-O exd4 8. Nxd4 Re8 9. f3 c6 10. Kh1 d5 11. cxd5 cxd5 12. Bg5 Nc6 13. Bb5 h6 14. Nxc6 bxc6 15. Bxc6 hxg5 16. Bxa8 d4 17. Nd5 Ba6 18. Bc6 Re6 19. Nxf6+ Rxf6 20. Bd5 Bxf1 21. Qxf1 Qb8 22. Bb3 g4 23. Rc1 Qf4 24. Rc8+ Kh7 25. Qc1 gxf3 26. Qxf4 Rxf4 27. gxf3 Rxf3 28. Kg2 Re3 29. Bxf7 Re2+ 30. Kf3 Rxb2 31. Rc6 Bh6 32. e5 Rxh2 33. Bxg6+ Kg7 34. Bf5 Kf7 35. Rc7+ Ke8 36. e6 Bg5 37. Bg6+ Kd8 38. Rd7+ Kc8 39. Rxa7 Rh4 40. e7 Bxe7 41. Rxe7 Rh3+ 42. Kf4 Ra3 43. Bf7 Ra4 44. Bb3 Ra6 45. Ke4 Rd6 46. Kd3 1-0

[Event "1st FIDE OWCCCC Pools-East 2021"]
[Site "Online"]
[Date "2021.02.19"]
[Round "3.29"]
[White "Ps, Sachin"]
[Black "Satveek, GS."]
[Result "1-0"]
[WhiteElo "1418"]
[BlackElo "1311"]
[Annotator "NA RC"]
[PlyCount "131"]
[EventDate "2021.02.19"]
[EventType "team-tourn"]
[EventCountry "NET"]
[SourceTitle "playchess.com"]
[Source "ChessBase"]
[SourceQuality "1"]

1. e4 e5 2. Nf3 d6 3. d4 exd4 4. Qxd4 Nc6 5. Bb5 Bd7 6. Bxc6 Bxc6 7. Nc3 Nf6 8. Bg5 Be7 9. O-O-O h6 10. Bh4 O-O 11. Kb1 a6 12. Rhe1 Nh7 13. Bxe7 Qxe7 14. g3 Rad8 15. Nh4 Bd7 16. f4 Nf6 17. Rd2 b5 18. Rde2 Bg4 19. Re3 Nh5 20. Nd5 Qd7 21. f5 c5 22. Qd2 Rfe8 23. Ng2 b4 24. Ngf4 Nxf4 25. Nxf4 f6 26. h3 Bxf5 27. exf5 Rxe3 28. Qxe3 Qxf5 29. g4 Qd7 30. Qe6+ Qxe6 31. Rxe6 Kf7 32. Re2 a5 33. Kc1 Re8 34. Rxe8 Kxe8 35. Kd2 Kf7 36. h4 g5 37. hxg5 hxg5 38. Ng2 Ke6 39. Ne3 a4 40. c3 bxc3+ 41. Kxc3 Ke5 42. Kc4 Kf4 43. Nd5+ Kxg4 44. Nxf6+ Kf4 45. Kd5 g4 46. Kxd6 g3 47. Nh5+ Kf3 48. Nxg3 Kxg3 49. Kxc5 Kf3 50. Kb4 Ke4 51. Kxa4 Kd5 52. Kb5 Kd6 53. a4 Kc7 54. a5 Kb7 55. Kc5 Ka6 56. b4 Ka7 57. b5 Kb7 58. a6+ Ka7 59. Kc6 Kb8 60. b6 Ka8 61. b7+ Kb8 62. a7+ Kxa7 63. Kc7 Ka6 64. b8=Q Ka5 65. Qb3 Ka6 66. Qb6# 1-0

[Event "1st FIDE OWCCCC Pools-East 2021"]
[Site "Online"]
[Date "2021.02.19"]
[Round "3.30"]
[White "Bohnhoff, Peter"]
[Black "Ravichandran, Siddharth"]
[Result "0-1"]
[WhiteElo "2078"]
[BlackElo "2352"]
[Annotator "TA"]
[PlyCount "58"]
[EventDate "2021.02.19"]
[EventType "team-tourn"]
[EventCountry "NET"]
[SourceTitle "playchess.com"]
[Source "ChessBase"]
[SourceQuality "1"]

1. Nf3 d5 2. e3 Nf6 3. c4 c6 4. d4 Bf5 5. Nc3 e6 6. Nh4 Be4 7. f3 Bg6 8. Qb3 Qc7 9. Bd2 Be7 10. Be2 a6 11. Rc1 dxc4 12. Bxc4 b5 13. Be2 c5 14. e4 Nxe4 15. Nxe4 Bxh4+ 16. g3 Bxe4 17. fxe4 Be7 18. dxc5 Nd7 19. c6 Ne5 20. a4 O-O 21. O-O Nxc6 22. Be3 Qb7 23. axb5 Na5 24. Qa4 axb5 25. Bxb5 Rfb8 26. Bc6 Nxc6 27. Qxc6 Qxb2 28. Bf4 Ra2 29. Qc8+ Rxc8 0-1

[Event "1st FIDE OWCCCC Pools-East 2021"]
[Site "Online"]
[Date "2021.02.19"]
[Round "3.30"]
[White "Simsek, Cevdet"]
[Black "Makhnev, Petr"]
[Result "1-0"]
[WhiteElo "2061"]
[BlackElo "1898"]
[Annotator "TA"]
[PlyCount "147"]
[EventDate "2021.02.19"]
[EventType "team-tourn"]
[EventCountry "NET"]
[SourceTitle "playchess.com"]
[Source "ChessBase"]
[SourceQuality "1"]

1. d4 d5 2. c4 c6 3. Nc3 Nf6 4. cxd5 cxd5 5. Nf3 Nc6 6. Bf4 g6 7. e3 Nh5 8. Bg5 h6 9. Bh4 g5 10. Bg3 Nxg3 11. hxg3 Bg7 12. Qb3 e6 13. Bd3 O-O 14. O-O f5 15. Rfd1 f4 16. gxf4 gxf4 17. e4 dxe4 18. Nxe4 Qd5 19. Nc5 b6 20. Bc4 Na5 21. Bxd5 Nxb3 22. Nxe6 Nxa1 23. Nxf8+ Kxf8 24. Bxa8 Nc2 25. a3 Bg4 26. Rd2 Bxf3 27. Bxf3 Nxd4 28. b4 Ke7 29. Kf1 Bf6 30. Be4 Kd6 31. Rd1 Ke5 32. f3 Kd6 33. Rc1 Kd7 34. a4 Be7 35. b5 Bc5 36. Bd3 Nb3 37. Rd1 Nd4 38. Re1 Nb3 39. Bf5+ Kd8 40. Re6 Nd4 41. Re5 Nb3 42. Rd5+ Ke7 43. Rd7+ Kf6 44. Bh3 Be3 45. Rxa7 Nc5 46. Rc7 Nxa4 47. Rc6+ Ke5 48. Rxh6 Kd5 49. Bd7 Kc4 50. Rd6 Nc5 51. Bc6 Nd3 52. Ke2 Nc1+ 53. Kd1 Nd3 54. Re6 Nc5 55. Re8 Nb3 56. Ke2 Nd4+ 57. Ke1 Nc2+ 58. Ke2 Nd4+ 59. Kd1 Kc5 60. Re4 Nb3 61. Ke2 Nd4+ 62. Kd3 Nb3 63. Rxe3 fxe3 64. Kxe3 Nd4 65. g4 Ne6 66. f4 Nd4 67. Ke4 Nxc6 68. bxc6 Kxc6 69. Kd4 b5 70. Kc3 Kd6 71. Kb4 Kd5 72. Kxb5 Ke4 73. f5 Kf4 74. f6 1-0

[Event "1st FIDE OWCCCC Pools-East 2021"]
[Site "Online"]
[Date "2021.02.19"]
[Round "3.30"]
[White "Taborska, Veronika"]
[Black "Karimov, Samir"]
[Result "1-0"]
[WhiteElo "2002"]
[BlackElo "1790"]
[Annotator "TA"]
[PlyCount "45"]
[EventDate "2021.02.19"]
[EventType "team-tourn"]
[EventCountry "NET"]
[SourceTitle "playchess.com"]
[Source "ChessBase"]
[SourceQuality "1"]

1. d4 Nf6 2. c4 g6 3. Nc3 Bg7 4. e4 d6 5. f4 O-O 6. Nf3 c5 7. d5 e5 8. fxe5 dxe5 9. Be2 Ne8 10. O-O Nd6 11. Bg5 f6 12. Bh4 a6 13. a4 Qe8 14. Bf2 Nd7 15. a5 f5 16. exf5 gxf5 17. Na4 Ne4 18. Bh4 Nd6 19. Ng5 Nf6 20. Nxc5 Qg6 21. Nge6 f4 22. Nxf8 Bh3 23. Nxg6 1-0

[Event "1st FIDE OWCCCC Pools-East 2021"]
[Site "Online"]
[Date "2021.02.19"]
[Round "3.30"]
[White "Vinit, Kore"]
[Black "Saarja, Sreeram"]
[Result "0-1"]
[WhiteElo "869"]
[BlackElo "1815"]
[Annotator "NA RC"]
[PlyCount "62"]
[EventDate "2021.02.19"]
[EventType "team-tourn"]
[EventCountry "NET"]
[SourceTitle "playchess.com"]
[Source "ChessBase"]
[SourceQuality "1"]

1. e4 c5 2. d3 Nc6 3. Nf3 g6 4. Nc3 Bg7 5. d4 cxd4 6. Nd5 e6 7. Bb5 exd5 8. Bxc6 dxc6 9. Ng5 h6 10. Nf3 dxe4 11. Ng1 Ne7 12. Ne2 c5 13. O-O O-O 14. Nf4 Nd5 15. Nxd5 Qxd5 16. b3 d3 17. Rb1 Be6 18. c4 Qd6 19. f3 f5 20. fxe4 fxe4 21. Rxf8+ Rxf8 22. Bb2 Bxb2 23. Rxb2 Qd4+ 24. Kh1 Qxb2 25. h3 Qc2 26. Qg1 d2 27. Qxc5 d1=Q+ 28. Kh2 Qf2 29. Qxf2 Rxf2 30. Kg3 Qf1 31. h4 Qxg2# 0-1

[Event "1st FIDE OWCCCC Pools-East 2021"]
[Site "Online"]
[Date "2021.02.19"]
[Round "3.31"]
[White "Subramani, Ragavi"]
[Black "Heer, Stephan"]
[Result "0-1"]
[WhiteElo "1506"]
[BlackElo "2063"]
[Annotator "TA"]
[PlyCount "48"]
[EventDate "2021.02.19"]
[EventType "team-tourn"]
[EventCountry "NET"]
[SourceTitle "playchess.com"]
[Source "ChessBase"]
[SourceQuality "1"]

1. e4 g6 2. Nc3 Bg7 3. Nf3 d6 4. h3 a6 5. Bc4 e6 6. d4 b5 7. Bb3 Bb7 8. d5 e5 9. O-O Nf6 10. a3 O-O 11. Nh2 Nbd7 12. Ne2 Nxe4 13. f4 f5 14. fxe5 dxe5 15. d6+ Kh8 16. dxc7 Qxc7 17. Qd3 Ndc5 18. Qe3 f4 19. Nxf4 exf4 20. Rxf4 Rxf4 21. Qxf4 Be5 22. Qh4 Bxh2+ 23. Kh1 Rf8 24. Bh6 Rf2 0-1

[Event "1st FIDE OWCCCC Pools-East 2021"]
[Site "Online"]
[Date "2021.02.19"]
[Round "3.31"]
[White "Goncharov, Aleksey"]
[Black "DodgeCharger"]
[Result "1-0"]
[WhiteElo "1423"]
[BlackElo "1523"]
[Annotator "NA RC"]
[PlyCount "79"]
[EventDate "2021.02.19"]
[EventType "team-tourn"]
[EventCountry "NET"]
[SourceTitle "playchess.com"]
[Source "ChessBase"]
[SourceQuality "1"]

1. e4 c5 2. Nf3 Nc6 3. d4 cxd4 4. Nxd4 Nf6 5. Nc3 Qb6 6. Nb3 d6 7. Be3 Qd8 8. Be2 g6 9. O-O Bg7 10. f4 O-O 11. h3 a6 12. Qd2 b5 13. a3 Bb7 14. Bf3 Qc7 15. Rad1 Rfd8 16. Nd5 Nxd5 17. exd5 Nb8 18. Nd4 Nd7 19. c3 Nf6 20. f5 Qd7 21. fxg6 hxg6 22. Nc6 Bxc6 23. dxc6 Qc7 24. Bg5 d5 25. Rde1 Qxc6 26. Rxe7 Qc5+ 27. Re3 Re8 28. Kh1 Ne4 29. Bxe4 dxe4 30. Qd7 Qxg5 31. Qxf7+ Kh8 32. h4 Qxe3 33. Qxg6 Qh6 34. Qg4 e3 35. Rf5 Kg8 36. Qe2 Qxh4+ 37. Kg1 Qe4 38. Qh5 e2 39. Qf7+ Kh7 40. Rh5# 1-0

[Event "1st FIDE OWCCCC Pools-East 2021"]
[Site "Online"]
[Date "2021.02.19"]
[Round "3.31"]
[White "Ibishov, Javid"]
[Black "Stohanzl, Nikola"]
[Result "0-1"]
[WhiteElo "861"]
[BlackElo "1763"]
[Annotator "NA RC"]
[PlyCount "160"]
[EventDate "2021.02.19"]
[EventType "team-tourn"]
[EventCountry "NET"]
[SourceTitle "playchess.com"]
[Source "ChessBase"]
[SourceQuality "1"]

1. d4 Nf6 2. c4 d6 3. Nf3 g6 4. Nc3 Bg7 5. Bg5 Nbd7 6. e3 c5 7. Bd3 cxd4 8. exd4 O-O 9. O-O a6 10. Re1 Re8 11. Qd2 Nf8 12. h3 Ne6 13. Bh6 Qb6 14. Bxg7 Kxg7 15. Na4 Qd8 16. d5 Nc7 17. Qg5 Bd7 18. Nb6 Rb8 19. Nxd7 Qxd7 20. Qh4 b5 21. b3 bxc4 22. bxc4 Rb4 23. Ng5 Ncxd5 24. Qd4 Nc7 25. Qc3 Rbb8 26. Re4 d5 27. Rd4 Rbc8 28. Qb3 Rb8 29. Qc3 Rec8 30. a4 Ne6 31. Nxe6+ Qxe6 32. Re1 Rb3 33. Qd2 Qb6 34. Bc2 Rb2 35. Qc3 Qb4 36. Qxb4 Rxb4 37. Rxe7 Rbxc4 38. Rxc4 dxc4 39. Ra7 Rc6 40. f3 c3 41. Kf2 Rd6 42. Ke3 Nd5+ 43. Kd4 Nf4+ 44. Kxc3 Nxg2 45. Be4 Nf4 46. Kb4 Nd3+ 47. Bxd3 Rxd3 48. Rxa6 Rxf3 49. Rc6 Rxh3 50. a5 Rh1 51. a6 Rb1+ 52. Kc5 h5 53. a7 Ra1 54. Kb6 h4 55. Rc8 h3 56. a8=Q Rxa8 57. Rxa8 g5 58. Ra4 f5 59. Kc5 g4 60. Kd5 g3 61. Rf4 Kf6 62. Kd4 g2 63. Rf3 g1=Q+ 64. Kd3 Qd1+ 65. Ke3 Qb3+ 66. Kf4 Qc4+ 67. Kg3 Qg4+ 68. Kf2 Qg2+ 69. Ke3 h2 70. Rf2 Qxf2+ 71. Kxf2 h1=Q 72. Ke3 Qe4+ 73. Kd2 Kg5 74. Kc3 f4 75. Kb3 f3 76. Ka3 f2 77. Ka2 f1=Q 78. Kb3 Qff3+ 79. Ka2 Qee2+ 80. Ka1 Qff1# 0-1

[Event "1st FIDE OWCCCC Pools-East 2021"]
[Site "Online"]
[Date "2021.02.19"]
[Round "3.32"]
[White "Fedorenko, Irina"]
[Black "Mukhina, Anastasia"]
[Result "0-1"]
[WhiteElo "1430"]
[BlackElo "1006"]
[Annotator "NA RC"]
[PlyCount "70"]
[EventDate "2021.02.19"]
[EventType "team-tourn"]
[EventCountry "NET"]
[SourceTitle "playchess.com"]
[Source "ChessBase"]
[SourceQuality "1"]

1. e4 e5 2. Nf3 d6 3. Nc3 Nf6 4. Bb5+ c6 5. Be2 Be7 6. d4 Nbd7 7. Bg5 h6 8. Be3 O-O 9. O-O c5 10. d5 b6 11. Bb5 a6 12. Bc6 Ra7 13. Bxd7 Bxd7 14. a4 a5 15. Qd2 Ng4 16. h3 Nxe3 17. Qxe3 Bg5 18. Qe2 h5 19. Nxg5 Qxg5 20. Rad1 Bxh3 21. Qf3 h4 22. Qxh3 f5 23. Rde1 f4 24. f3 Raf7 25. Nb5 Rf6 26. Re2 Qh6 27. c3 g5 28. Qg4 R8f7 29. Kh2 Rh7 30. Qc8+ Kg7 31. Qb7+ Kg6 32. Qxb6 h3 33. Kg1 hxg2 34. Rxg2 Qh4 35. Nxd6 Qh3 0-1

[Event "1st FIDE OWCCCC Pools-East 2021"]
[Site "Online"]
[Date "2021.02.19"]
[Round "3.32"]
[White "Andrle, Miroslav"]
[Black "aliya98"]
[Result "1-0"]
[WhiteElo "1419"]
[BlackElo "956"]
[Annotator "NA RC"]
[PlyCount "55"]
[EventDate "2021.02.19"]
[EventType "team-tourn"]
[EventCountry "NET"]
[SourceTitle "playchess.com"]
[Source "ChessBase"]
[SourceQuality "1"]

1. e4 e5 2. Nf3 Nc6 3. Bc4 Bc5 4. c3 Nf6 5. Ng5 Nxe4 6. Nxe4 O-O 7. Nxc5 d6 8. Nd3 Bf5 9. O-O d5 10. Bb5 e4 11. Bxc6 bxc6 12. Ne5 Qg5 13. d3 Rae8 14. Bxg5 Rxe5 15. d4 Re6 16. Nd2 Rg6 17. Qh5 f6 18. Bf4 Rg4 19. Qxf5 Rg6 20. Qe6+ Rf7 21. Bxc7 h5 22. Qe8+ Rf8 23. Qxg6 Rb8 24. Bxb8 a6 25. Nb3 a5 26. Nc5 Kf8 27. Ne6+ Kg8 28. Qxg7# 1-0

[Event "1st FIDE OWCCCC Pools-East 2021"]
[Site "Online"]
[Date "2021.02.19"]
[Round "3.32"]
[White "Amit Braganza"]
[Black "Darshan J Jain"]
[Result "0-1"]
[WhiteElo "1160"]
[BlackElo "1370"]
[Annotator "NA RC"]
[PlyCount "148"]
[EventDate "2021.02.19"]
[EventType "team-tourn"]
[EventCountry "NET"]
[SourceTitle "playchess.com"]
[Source "ChessBase"]
[SourceQuality "1"]

1. Nf3 Nf6 2. g3 g6 3. Bg2 Bg7 4. O-O O-O 5. c4 c6 6. d4 d6 7. Nc3 Re8 8. e4 e5 9. dxe5 dxe5 10. Qxd8 Rxd8 11. Nxe5 Nxe4 12. Nxf7 Kxf7 13. Bxe4 Bh3 14. Bg2 Bxg2 15. Kxg2 Nd7 16. Bg5 Re8 17. Rae1 Nc5 18. Be3 Bxc3 19. bxc3 Ne4 20. Rc1 Nd6 21. c5 Nc4 22. Bd4 Re2 23. a4 Rae8 24. Rfd1 b6 25. cxb6 axb6 26. a5 c5 27. axb6 cxd4 28. Rxd4 Ne3+ 29. Kf3 Nf5 30. Rd7+ Kf6 31. Rxh7 Rb2 32. b7 Nd6 33. Rd1 Nxb7 34. Rdd7 Nc5 35. Rdf7+ Ke6 36. Rfg7 Rf8+ 37. Kg4 Kf6 38. Rc7 Nd3 39. Rc6+ Ke5 40. Re7+ Kd5 41. Rxg6 Ne5+ 42. Rxe5+ Kxe5 43. f4+ Kd5 44. h4 Rbb8 45. h5 Rbc8 46. h6 Rxc3 47. h7 Rcc8 48. f5 Rh8 49. Rg7 Ke5 50. Kg5 Rc6 51. g4 Ra6 52. Rg6 Ra7 53. Rg8 Rhxh7 54. f6 Rhf7 55. Kg6 Rxf6+ 56. Kg5 Rf1 57. Re8+ Kd6 58. Kg6 Ra6 59. g5 Kd7+ 60. Kh5 Kxe8 61. g6 Rxg6 62. Kxg6 Ke7 63. Kg5 Ke6 64. Kg4 Ke5 65. Kg5 Rg1+ 66. Kh4 Kf4 67. Kh3 Re1 68. Kg2 Re3 69. Kf2 Re5 70. Kf1 Kf3 71. Kg1 Rg5+ 72. Kf1 Re5 73. Kg1 Rh5 74. Kf1 Rh1# 0-1

[Event "1st FIDE OWCCCC Pools-East 2021"]
[Site "Online"]
[Date "2021.02.19"]
[Round "3.33"]
[White "Kuklin, Valentin"]
[Black "Podbrdsky, Pavel"]
[Result "1-0"]
[WhiteElo "2382"]
[BlackElo "2147"]
[Annotator "TA"]
[PlyCount "53"]
[EventDate "2021.02.19"]
[EventType "team-tourn"]
[EventCountry "NET"]
[SourceTitle "playchess.com"]
[Source "ChessBase"]
[SourceQuality "1"]

1. e4 e5 2. Nf3 Nc6 3. Bb5 a6 4. Ba4 Nf6 5. O-O Nxe4 6. d4 b5 7. Bb3 d5 8. dxe5 Be6 9. Nbd2 Nc5 10. c3 Be7 11. Bc2 d4 12. Nb3 d3 13. Bb1 Nxb3 14. axb3 O-O 15. Qxd3 Qxd3 16. Bxd3 Bxb3 17. Be4 Bc4 18. Bxc6 Bxf1 19. Bxa8 Bc4 20. Rxa6 Rd8 21. Bd2 Be2 22. Nd4 c5 23. Nxe2 Rxd2 24. Ng3 Rxb2 25. Bd5 b4 26. cxb4 cxb4 27. Ra7 1-0

[Event "1st FIDE OWCCCC Pools-East 2021"]
[Site "Online"]
[Date "2021.02.19"]
[Round "3.33"]
[White "Vovk, Orest"]
[Black "Hauck, Michael"]
[Result "1-0"]
[WhiteElo "2315"]
[BlackElo "1723"]
[Annotator "TA"]
[PlyCount "51"]
[EventDate "2021.02.19"]
[EventType "team-tourn"]
[EventCountry "NET"]
[SourceTitle "playchess.com"]
[Source "ChessBase"]
[SourceQuality "1"]

1. g4 d5 2. h3 h5 3. g5 h4 4. Bg2 Bf5 5. Nc3 e6 6. d3 Bb4 7. e4 dxe4 8. dxe4 Bxc3+ 9. bxc3 Qxd1+ 10. Kxd1 Bg6 11. Bf4 c6 12. Rb1 b6 13. Ne2 Ne7 14. Kc1 Nd7 15. Rd1 O-O-O 16. Bd6 Rhe8 17. Nd4 Kb7 18. e5 Nd5 19. Nxc6 Rc8 20. Na5+ Ka6 21. Bf1+ Kxa5 22. Rxd5+ exd5 23. Bb4+ Ka4 24. Rb3 Rc4 25. Ra3+ Kb5 26. Rxa7 1-0

[Event "1st FIDE OWCCCC Pools-East 2021"]
[Site "Online"]
[Date "2021.02.19"]
[Round "3.33"]
[White "Siddharth, Venkatesh"]
[Black "Archbishop"]
[Result "1-0"]
[WhiteElo "1826"]
[BlackElo "2164"]
[Annotator "TA"]
[PlyCount "69"]
[EventDate "2021.02.19"]
[EventType "team-tourn"]
[EventCountry "NET"]
[SourceTitle "playchess.com"]
[Source "ChessBase"]
[SourceQuality "1"]

1. d4 Nf6 2. c4 g6 3. Nf3 Bg7 4. Bf4 d6 5. Nc3 O-O 6. h3 Nfd7 7. e3 e5 8. dxe5 dxe5 9. Bh2 Nc6 10. Be2 f5 11. Qd5+ Kh8 12. Rd1 Qe7 13. O-O Nc5 14. Qd2 Ne4 15. Nxe4 fxe4 16. Ne1 Bf5 17. Nc2 a5 18. b3 h5 19. a3 Rad8 20. Qc3 Rd3 21. Bxd3 exd3 22. Rxd3 e4 23. Rd4 Ne5 24. Bxe5 Bxe5 25. Qxa5 c5 26. Rd5 Rc8 27. Rfd1 Bg7 28. Rd8+ Kh7 29. Rxc8 Bxc8 30. Qd8 Qe6 31. Rd6 Qf5 32. Rd5 Qe6 33. Rxc5 Bd7 34. Rc7 Bc6 35. Qe7 1-0

[Event "1st FIDE OWCCCC Pools-East 2021"]
[Site "Online"]
[Date "2021.02.19"]
[Round "3.33"]
[White "Savi Pillco, Layner"]
[Black "Sharma, Keshav"]
[Result "0-1"]
[WhiteElo "1631"]
[BlackElo "2034"]
[Annotator "TA"]
[PlyCount "80"]
[EventDate "2021.02.19"]
[EventType "team-tourn"]
[EventCountry "NET"]
[SourceTitle "playchess.com"]
[Source "ChessBase"]
[SourceQuality "1"]

1. e4 c5 2. Nf3 e6 3. Nc3 Nc6 4. d4 cxd4 5. Nxd4 a6 6. Bc4 Qc7 7. O-O b5 8. Be2 Bb7 9. f4 Nxd4 10. Be3 Nxe2+ 11. Qxe2 Nf6 12. e5 Nd5 13. Nxd5 Bxd5 14. Rad1 Bc5 15. b3 O-O 16. Bxc5 Qxc5+ 17. Kh1 Rac8 18. Rd2 g6 19. Qg4 Qc3 20. Rdf2 Be4 21. h4 Bf5 22. Qg5 f6 23. exf6 Qxf6 24. Qg3 Rxc2 25. Rxc2 Bxc2 26. h5 Qg7 27. hxg6 Qxg6 28. Qc3 Be4 29. Rf2 Qh5+ 30. Kg1 Qd1+ 31. Rf1 Qg4 32. Qd2 d5 33. Rf2 h5 34. Qe3 h4 35. Rd2 Rxf4 36. Qc3 Rf3 37. Qc8+ Rf8 38. Qxa6 h3 39. Qxb5 hxg2 40. Qb4 Rf1+ 0-1

[Event "1st FIDE OWCCCC Pools-East 2021"]
[Site "Online"]
[Date "2021.02.19"]
[Round "3.34"]
[White "Shyamu, Sharma"]
[Black "Shrivastava Aditi"]
[Result "0-1"]
[WhiteElo "2100"]
[BlackElo "1449"]
[Annotator "TA"]
[PlyCount "140"]
[EventDate "2021.02.19"]
[EventType "team-tourn"]
[EventCountry "NET"]
[SourceTitle "playchess.com"]
[Source "ChessBase"]
[SourceQuality "1"]

1. d4 d5 2. e3 e6 3. Nf3 Nf6 4. c4 c6 5. Nc3 Nbd7 6. Be2 dxc4 7. Bxc4 b5 8. Bb3 b4 9. Na4 c5 10. dxc5 Nxc5 11. Qxd8+ Kxd8 12. Nxc5 Bxc5 13. O-O Ke7 14. Rd1 Bb7 15. Bd2 a5 16. Ba4 Rhd8 17. Be1 Rxd1 18. Rxd1 Rd8 19. Rxd8 Kxd8 20. a3 h6 21. axb4 Bxb4 22. Bxb4 axb4 23. Ne5 Ke7 24. Nd3 Nd5 25. Bb3 Kd6 26. Bxd5 Bxd5 27. Nxb4 f5 28. f3 g5 29. Kf2 h5 30. g3 g4 31. fxg4 fxg4 32. Ke2 Be4 33. Nd3 Bg6 34. Nf4 Be8 35. Kd3 Ke5 36. Ng2 Bb5+ 37. Kd2 Ke4 38. Nf4 Kf3 39. Nxh5 Kg2 40. Nf6 Kxh2 41. Nxg4+ Kxg3 42. Nf6 Kf3 43. b4 Bc6 44. Ng8 Ke4 45. Ne7 Bb5 46. Nc8 Kd5 47. Kc3 Ba6 48. Na7 Bb7 49. Nb5 Bc6 50. Nd4 Bb7 51. Kd3 e5 52. Nb3 Ba6+ 53. Kc3 Bb5 54. Nc5 Bc6 55. Na6 Ke4 56. Nb8 Bb5 57. Kd2 Kd5 58. e4+ Kxe4 59. Ke1 Ke3 60. Kd1 e4 61. Ke1 Kd3 62. Kd1 e3 63. Ke1 e2 64. Nd7 Bxd7 65. b5 Bxb5 66. Kf2 Kd2 67. Kf3 e1=Q 68. Kg2 Ke2 69. Kh3 Qg1 70. Kh4 Kf3 0-1

[Event "1st FIDE OWCCCC Pools-East 2021"]
[Site "Online"]
[Date "2021.02.19"]
[Round "3.34"]
[White "Dungl, Martin"]
[Black "VesnaMisanovic"]
[Result "1/2-1/2"]
[WhiteElo "2026"]
[BlackElo "2126"]
[Annotator "TA"]
[PlyCount "115"]
[EventDate "2021.02.19"]
[EventType "team-tourn"]
[EventCountry "NET"]
[SourceTitle "playchess.com"]
[Source "ChessBase"]
[SourceQuality "1"]

1. d4 d5 2. c4 c6 3. cxd5 cxd5 4. Nf3 Nf6 5. Nc3 Nc6 6. Bf4 e6 7. e3 Bd7 8. Bd3 Rc8 9. Rc1 Na5 10. Ne5 Nc4 11. Bxc4 dxc4 12. Qf3 b5 13. d5 Bb4 14. O-O Bxc3 15. bxc3 exd5 16. Rfd1 O-O 17. Bg5 Be6 18. Qg3 Ne4 19. Bxd8 Nxg3 20. hxg3 Rfxd8 21. Rd4 f6 22. Nf3 a5 23. Rb1 Rb8 24. a3 Kf7 25. Nd2 Rd7 26. f3 Rdb7 27. e4 Rd7 28. Kf2 dxe4 29. Rxd7+ Bxd7 30. Nxc4 exf3 31. gxf3 h5 32. a4 b4 33. Nxa5 b3 34. Rxb3 Rxb3 35. Nxb3 Bxa4 36. Nd4 g6 37. Ke3 Ke7 38. Ne2 Bc6 39. Nf4 Be8 40. Kd4 g5 41. Nd5+ Kf7 42. c4 h4 43. gxh4 gxh4 44. Ke3 Bc6 45. Kf4 Bd7 46. c5 Be6 47. Ne3 Ke7 48. Ng4 Bc8 49. Nh6 h3 50. Kg3 Be6 51. Ng4 Bxg4 52. fxg4 Ke6 53. Kxh3 Kd5 54. Kg3 Kxc5 55. Kf4 Kd6 56. Kf5 Ke7 57. g5 fxg5 58. Kxg5 1/2-1/2